Core Concepts fo Accounting (Record no. 821184)

MARC details
000 -LEADER
fixed length control field 00369pam a2200145 a 4500
020 ## - INTERNATIONAL STANDARD BOOK NUMBER
Terms of availability
041 ## - LANGUAGE CODE
Language code of original
082 ## - DEWEY DECIMAL CLASSIFICATION NUMBER
Classification number 657
100 ## - MAIN ENTRY--PERSONAL NAME
Personal name BREITNER (Leslie K.)/ ANTHONY (Robert N.)
Relator term author
245 ## - TITLE STATEMENT
Title Core Concepts fo Accounting
Medium Textual Document
250 ## - EDITION STATEMENT
Edition statement 10th
260 ## - PUBLICATION, DISTRIBUTION, ETC.
Name of publisher, distributor, etc. Pearson Education Delhi, Harlow, Singapore
Date of publication, distribution, etc. 2011
300 ## - PHYSICAL DESCRIPTION
Extent v, 192
930 ## - EQUIVALENCE OR CROSS-REFERENCE-UNIFORM TITLE HEADING [LOCAL, CANADA]
Uniform title 1970
Holdings
Withdrawn status Lost status Damaged status Not for loan Collection Home library Current library Date acquired Source of acquisition Cost, normal purchase price Total Checkouts Full call number Barcode Date last seen Copy number Price effective from Koha item type
          Institute of Management & Research, New Delhi Institute of Management & Research, New Delhi 14/03/2011 Minaal Educational Books 168.75   657 IMD-26UB0001396 17/08/2023 2 17/08/2023 Book
          Institute of Management & Research, New Delhi Institute of Management & Research, New Delhi 14/03/2011 Minaal Educational Books 168.75   657 IMD-26UB0001395 17/08/2023 1 17/08/2023 Book